• 首页
  • 本馆介绍
  • 公告通知
  • 最新文献
  • 馆藏检索
  • 电子资源
  • 读者导购
  • 参考咨询
  • 我的图书馆
  • 登录
  • 详细信息显示
  • 放入我的书架
  • 预约/预借图书
  • 作者相关作品
  • 分类相关作品
  • 丛书相关作品
  • 出版社相关作品

书目信息

  • 表格格式
  • 工作单格式
  • 卡片格式
题名:
商业企业财务管理
    
 
作者: 吴明 , 李明文 编写
分册:  
出版信息: 上海   知识出版社  1984
页数: 227页
开本: 21cm
丛书名: 新编立信会计丛书
单 册:
中图分类: F715.5
科图分类:
主题词: 商业管理:财务管理 , 财务管理:商业管理
电子资源:
ISBN:
000 00787nam2 2200289 45
001 0184013393
005 20040430110244.4
010    @dCNY0.86
091    @a4214.1019
100    @a19950606d1984 em y0chiy0121 ea
101 0  @achi
102    @aCN@b310000
105    @ay z 000yy
106    @ar
200 10 @a商业企业财务管理@Ashang ye qi ye cai wu guan li@f吴明, 李明文编写
210    @a上海@c知识出版社@d1984
215    @a227页@d21cm
225 2  @a新编立信会计丛书
410  0 @120010@a新编立信会计丛书
606    @a商业管理:财务管理
606    @a财务管理:商业管理
690    @aF715.5@v3
701  0 @a吴明@Awu ming@4编写
701  0 @a李明文@Ali ming wen@4编写
801  0 @aCN@b上海图书馆@c20040430
801  2 @aCN@bNLC@c20040430
905    @f2@b120959-960@dF715.5@e27
    
    商业企业财务管理/吴明, 李明文编写.-上海:知识出版社,1984
    227页;21cm.-(新编立信会计丛书)
    
    
    ISBN :CNY0.86
    
●
相关链接 在E读中查询图书 在五车中查询图书 在当当中查询图书 在豆瓣中查询图书


正题名:商业企业财务管理     索取号:F715.5/27         预约/预借

序号 登录号 条形码 馆藏地/架位号 状态 备注
1 0120959   000487814   密集书库/ [索取号:F715.5/27] 在馆    
2 0120960   000487823   密集书库/ [索取号:F715.5/27] 在馆    
3 0120961   000487832   第一样本阅览室/ [索取号:F715.5/27] 在馆    
唐山师范学院图书馆 欢迎您!
大连网信软件有限公司© 版权所有